| 000 | 00862nam a2200217 a 4500 | ||
|---|---|---|---|
| 001 | 39771 | ||
| 003 | BD-RjUL | ||
| 005 | 20211209053044.0 | ||
| 008 | 160418r20142011bg a||| |||| 00| 0 ben d | ||
| 035 | _a(BD-RjUL)39884 | ||
| 040 |
_aBD-RjUL _bben _cBD-RjUL |
||
| 041 | _aben | ||
| 082 |
_223 _a530.11 _bJAA 2014 |
||
| 100 |
_aজাহান, আসিফ নুসরাত _9122531 |
||
| 245 | 1 | 0 |
_aআপেক্ষিকতার তত্ত্ব আসলে কী ? / _cআসিফ নুসরাত জাহান |
| 260 |
_aঢাকা : _bসাহিত্য প্রকাশ, _c২০১১ [ মুদ্রণ ২০১৪ ]। |
||
| 300 |
_a৬৭ পৃ. : _bচিত্র ; _c২২ সেমি. |
||
| 650 |
_aআপেক্ষিকতা (পদার্থ) _9122532 |
||
| 650 |
_aRelativity (Physics) _9116965 |
||
| 942 |
_2ddc _cBK |
||
| 999 |
_c39771 _d39771 |
||